000 00572nam a2200229Ia 4500
003 OSt
005 20221005115218.0
006 a|||||r|||| 00| 0
007 ta
008 221004b |||||||| |||| 00| 0 mal d
024 _a55880
037 _cTextual
040 _aCRL
_cCRL
_bmal
041 _2mal
_amal
082 _aO32,3M58:g, J0
100 _aChummar
_9627267
245 0 _aC.V.yude akhyayikakal
260 _c1950
650 _aMALAYALAM LITERATURE
_938866
942 _hO32,3M58:g, J0
_cTEXL
_2cc
999 _c1033799
_d1033799